000 00419nam a2200169Ia 4500
008 210707s1979 xx 000 0 und d
041 _aeng
082 _a512 KUMT
100 _aKUMAR (Ravinder) & WASAN (Srikrishnan)
245 _aText book of algebra.
260 _aND
_bPitambar Publishing Company
_c1979
300 _avii,304 p
365 _b16
_cINR
563 _aPB
650 _aAlgebra
906 _aAlgebra
999 _c180089
_d180089